000 00863nam a22002535i 4500
001 175193
003 ES-MaACL
005 20250822040307.0
008 101013s1968 sp |||| | spa d
080 _a159.942
080 _a615.851
100 0 _aCondrau, Gion.
_9143584
245 1 0 _aAngustia y culpa
_b: problemas fundamentales de la psicoterapia /
_cGion Condrau ; versión española de Mariano Marín Casero.
260 _aMadrid :
_bGredos,
_c[1968]
300 _a171 p. ;
_c24 cm.
490 1 _aBiblioteca de psicología y psicoterapia ;
_v11
650 0 4 _aAnsiedad.
_9154650
650 4 _aCulpa.
_9143585
650 0 4 _aPsicoterapia.
_916579
700 1 _aMarín Casero, Mariano.
_976778
830 1 0 _aBiblioteca de psicología y psicoterapia
_v11
_9189553
852 _aES-MaACL
_jE-13366
_xOlim P-527-Ter
999 _c175193
_d175193